| 000 | 00406nam a22001457a 4500 | ||
|---|---|---|---|
| 005 | 20200620124208.0 | ||
| 008 | 200620b xxu||||| |||| 00| 0 eng d | ||
| 082 | _a345.4 AIR | ||
| 110 |
_aALL INDIA REPORTER, _96262 |
||
| 245 | _aALL INDIA REPORTER, [FEBUARY-2019] [2] VOL-106, [PART-1262] | ||
| 260 |
_aMUMBAI _bALL INDIA REPORTER, PVT. LTD. |
||
| 300 | _a32; utr | ||
| 650 |
_aLAW _95701 |
||
| 942 | _cJRL | ||
| 999 |
_c7377 _d7375 |
||